|
|
|
|
| LEADER |
00961nam a2200229 i 4500 |
| 003 |
GR-PaULI |
| 005 |
20241009063345.0 |
| 008 |
190531s1936 fr a|||g |||| 001 0 fre d |
| 952 |
|
|
|0 0
|1 0
|2 ddc
|4 0
|6 194_000000000000000_DES_GUE
|7 0
|9 232511
|a LISP
|b LISP
|c BSC
|d 2019-05-31
|i 013564
|l 0
|o 194 DES GUE
|p 025000014071
|r 2019-05-31 00:00:00
|t 1
|v 2019.00
|w 2019-05-31
|y BK15
|
| 999 |
|
|
|c 141214
|d 141214
|
| 020 |
|
|
|a 2070533700
|
| 040 |
|
|
|a GR-PaULI
|b gre
|c GR-PaULI
|e AACR2
|
| 082 |
0 |
4 |
|2 23
|a 194
|
| 100 |
1 |
|
|9 85819
|a Guenancia, Pierre
|e συγγραφέας
|
| 245 |
1 |
0 |
|a Discartes :
|b bien conduire sa raison /
|c Pierre Guenancia.
|
| 260 |
|
|
|a [Paris] :
|b Gallimard,
|c 1996.
|
| 300 |
|
|
|a 128 σ. :
|b εικ. ;
|c 18 εκ.
|
| 504 |
|
|
|6 Περιλαμβάνει βιβλιογραφία και ευρετήριο.
|
| 600 |
1 |
0 |
|a Descartes, René,
|d 1596-1650.
|9 25402
|
| 650 |
|
4 |
|9 8680
|a Φιλοσοφία, Γαλλική
|y 17ος αιώνας
|
| 942 |
|
|
|2 ddc
|c BK15
|
| 998 |
|
|
|c ΜΑΝΙΑ
|d 2019-05
|